| 000 | 00541nam a2200193 4500 | ||
|---|---|---|---|
| 001 | 111162 | ||
| 003 | ES-MaACL | ||
| 005 | 20230906185244.0 | ||
| 007 | t| | ||
| 008 | 061121s1976 sp r ||||1| spa d | ||
| 100 | 1 |
_aOlasagasti, Manuel. _986664 |
|
| 245 | 1 | 0 |
_aEstado de la cuestión de Dios / _cManuel Olasagasti. |
| 260 |
_aMadrid : _bEspasa-Calpe, _c1976. |
||
| 300 |
_a192 p. ; _c19 cm. |
||
| 490 | 1 | _aColección boreal | |
| 830 | 0 |
_aColección boreal _9226430 |
|
| 852 |
_aES-MaACL _jL-2354 _bR.103217 |
||
| 999 |
_c111162 _d111162 |
||